Эффективность энергоблока с пароохлаждаемым ядерным реактором и газотурбинной надстройкой; Современные технологии, экономика и образование

Dades bibliogràfiques
Parent link:Современные технологии, экономика и образование.— 2020.— [С. 85-86]
Autor principal: Антонова А. М. Александра Михайловна
Autor corporatiu: Национальный исследовательский Томский политехнический университет Инженерная школа энергетики Научно-образовательный центр И. Н. Бутакова (НОЦ И. Н. Бутакова)
Altres autors: Мережко А. С., Воробьёв А. В. Александр Владимирович
Sumari:Заглавие с титульного экрана
The paper considers a power unit with a steam-cooled reactor and a gas turbine unit as a source of heat for generating weakly superheated steam - the coolant of a nuclear reactor. The purpose of the research is to determine the efficiency of the power unit and to reveal its dependence on the initial steam pressure.
Idioma:rus
Publicat: 2020
Matèries:
Accés en línia:http://earchive.tpu.ru/handle/11683/64645
Format: MixedMaterials Electrònic Capítol de llibre
KOHA link:https://koha.lib.tpu.ru/cgi-bin/koha/opac-detail.pl?biblionumber=632611

MARC

LEADER 00000naa2a2200000 4500
001 632611
005 20250620062912.0
035 |a (RuTPU)RU\TPU\conf\34332 
035 |a RU\TPU\conf\34329 
090 |a 632611 
100 |a 20210226d2020 k y0rusy50 ca 
101 0 |a rus 
102 |a RU 
105 |a y z 101zy 
135 |a drcn ---uucaa 
181 0 |a i  
182 0 |a b 
200 1 |a Эффективность энергоблока с пароохлаждаемым ядерным реактором и газотурбинной надстройкой  |d Efficiency of power unit with steam-cooled nuclear reactor and gas turbine topping  |f А. М. Антонова, А. С. Мережко, А. В. Воробьёв 
203 |a Текст  |c электронный 
300 |a Заглавие с титульного экрана 
320 |a [Библиогр.: с. 86 (2 назв.)] 
330 |a The paper considers a power unit with a steam-cooled reactor and a gas turbine unit as a source of heat for generating weakly superheated steam - the coolant of a nuclear reactor. The purpose of the research is to determine the efficiency of the power unit and to reveal its dependence on the initial steam pressure. 
463 1 |0 (RuTPU)RU\TPU\conf\34302  |t Современные технологии, экономика и образование  |o сборник материалов II Всероссийской научно-методической конференции, г. Томск, 2-4 сентября 2020 г.  |f Национальный исследовательский Томский политехнический университет ; под ред. А. Г. Фефеловой, Е. А. Покровской, И. О. Болотиной [и др.]  |v [С. 85-86]  |d 2020 
510 1 |a Efficiency of power unit with steam-cooled nuclear reactor and gas turbine topping  |z eng 
610 1 |a электронный ресурс 
610 1 |a труды учёных ТПУ 
610 1 |a эффективность 
610 1 |a энергоблоки 
610 1 |a ядерные реакторы 
610 1 |a пароохлаждаемые реакторы 
610 1 |a газотурбинные надстройки 
610 1 |a генерация 
610 1 |a теплоносители 
700 1 |a Антонова  |b А. М.  |c специалист в области энергетики  |c доцент Томского политехнического университета, кандидат технических наук  |f 1952-  |g Александра Михайловна  |y Томск  |3 (RuTPU)RU\TPU\pers\26028  |9 11875 
701 1 |a Мережко  |b А. С. 
701 1 |a Воробьёв  |b А. В.  |c специалист в области энергетики  |c доцент Томского политехнического университета, кандидат технических наук  |f 1949-  |g Александр Владимирович  |3 (RuTPU)RU\TPU\pers\26029  |9 11876 
712 0 2 |a Национальный исследовательский Томский политехнический университет  |b Инженерная школа энергетики  |b Научно-образовательный центр И. Н. Бутакова (НОЦ И. Н. Бутакова)  |3 (RuTPU)RU\TPU\col\23504 
801 2 |a RU  |b 63413507  |c 20210305  |g RCR 
856 4 |u http://earchive.tpu.ru/handle/11683/64645 
942 |c BK